|
|
|
|
| LEADER |
00000nab a2200000 a 4500 |
| 001 |
vtls001029296 |
| 003 |
SK-MaSNL |
| 005 |
20260303040053.0 |
| 008 |
040720e20010827xo 0 slo |
| 035 |
|
|
|a SL7850
|
| 040 |
|
|
|a SLLK
|b slo
|c SLLK
|e AACR2
|
| 041 |
0 |
|
|a slo
|
| 044 |
|
|
|a xo
|c SK
|
| 080 |
|
|
|a 796.332
|2 1981
|
| 100 |
1 |
|
|a Jacoš, Ján,
|d 1963-
|4 aut
|9 11515
|
| 245 |
1 |
0 |
|a Na Spiši bez gólov, v Zemplíne bohatá úroda
|b Prešov B - St. Ľubovňa 2:0 (0:0)
|
| 300 |
|
|
|b 1 tab.
|
| 610 |
2 |
7 |
|a FK Rekostav Stará Ľubovňa
|2 SLLK
|9 59391
|
| 650 |
0 |
7 |
|a futbal
|2 SLLK
|9 3291
|
| 650 |
0 |
7 |
|a muži
|2 SLLK
|9 4888
|
| 650 |
0 |
7 |
|a liga 3.
|2 SLLK
|9 1022389
|
| 650 |
0 |
7 |
|a zápasy
|2 SLLK
|9 880005
|
| 650 |
0 |
7 |
|a výsledky
|2 SLLK
|9 493505
|
| 651 |
|
7 |
|a Stará Ľubovňa (Slovensko)
|2 SLLK
|9 19193
|
| 651 |
|
7 |
|a Prešov (Slovensko)
|2 SLLK
|9 17347
|
| 651 |
|
7 |
|a SL,
|2 SLLK
|9 1022390
|
| 710 |
2 |
|
|a FK Rekostav Stará Ľubovňa
|4 aut
|9 59391
|
| 773 |
0 |
8 |
|t Sme
|g Roč. 9, č.198, 27.8.2001, s. 21
|
| 852 |
|
|
|a ZVYKNI
|b KIS3GCP
|
| 999 |
|
|
|c 1680296
|d 1682226
|